<?xml version="1.0" encoding="UTF-8"?><?xml-stylesheet type="text/xsl" href="static/style.xsl"?><OAI-PMH xmlns="http://www.openarchives.org/OAI/2.0/" xmlns:xsi="http://www.w3.org/2001/XMLSchema-instance" xsi:schemaLocation="http://www.openarchives.org/OAI/2.0/ http://www.openarchives.org/OAI/2.0/OAI-PMH.xsd"><responseDate>2026-04-27T08:04:35Z</responseDate><request verb="GetRecord" identifier="oai:uvadoc.uva.es:10324/72065" metadataPrefix="marc">https://uvadoc.uva.es/oai/request</request><GetRecord><record><header><identifier>oai:uvadoc.uva.es:10324/72065</identifier><datestamp>2025-01-10T07:30:49Z</datestamp><setSpec>com_10324_38</setSpec><setSpec>col_10324_852</setSpec></header><metadata><record xmlns="http://www.loc.gov/MARC21/slim" xmlns:doc="http://www.lyncode.com/xoai" xmlns:xsi="http://www.w3.org/2001/XMLSchema-instance" xmlns:dcterms="http://purl.org/dc/terms/" xsi:schemaLocation="http://www.loc.gov/MARC21/slim http://www.loc.gov/standards/marcxml/schema/MARC21slim.xsd">
<leader>00925njm 22002777a 4500</leader>
<datafield tag="042" ind1=" " ind2=" ">
<subfield code="a">dc</subfield>
</datafield>
<datafield tag="720" ind1=" " ind2=" ">
<subfield code="a">Santos Serrano, Eduardo</subfield>
<subfield code="e">author</subfield>
</datafield>
<datafield tag="260" ind1=" " ind2=" ">
<subfield code="c">2024</subfield>
</datafield>
<datafield tag="520" ind1=" " ind2=" ">
<subfield code="a">Este trabajo se centra en el estudio de la empresa Anheuser Busch InBev N.V./S.A. &#xd;
(más conocida como AB InBev), principal proveedora de cerveza a nivel mundial, con el &#xd;
objetivo de averiguar cuál es su valor en bolsa a través del uso de herramientas de &#xd;
análisis fundamental como son el descuento de flujos de caja, descuento de dividendos &#xd;
o el uso de múltiplos comparables como el PER.&#xd;
Para ello se realizará un análisis contextual del sector de la distribución y venta de &#xd;
cerveza, dónde se puede ver una recuperación paulatina desde la pandemia del &#xd;
COVID-19, pasando finalmente al análisis de los estados financieros de AB InBev y &#xd;
estimando los flujos de caja necesarios para realizar la valoración.&#xd;
Palabras clave: valoración de empresas, AB InBev, flujos de caja, múltiplos &#xd;
comparables</subfield>
</datafield>
<datafield tag="024" ind2=" " ind1="8">
<subfield code="a">https://uvadoc.uva.es/handle/10324/72065</subfield>
</datafield>
<datafield ind1=" " ind2=" " tag="653">
<subfield code="a">Industria cervecera</subfield>
</datafield>
<datafield tag="245" ind1="0" ind2="0">
<subfield code="a">Valoración de las acciones de la empresa cervecera Ab InBev</subfield>
</datafield>
</record></metadata></record></GetRecord></OAI-PMH>